Reštrukturalizácia a regulácia bankového sektora v EÚ v postkrízovom období diplomová práca

Salvato in:
Dettagli Bibliografici
Autore principale: Zvara, Tomáš
Ente Autore: Obchodná fakulta EU. Katedra medzinárodného obchodu
Altri autori: Pavelka, Ľuboš, 1962-
Natura: Libro
Lingua:slovacco
Pubblicazione: Bratislava 2016
Tags: Aggiungi Tag
Nessun Tag, puoi essere il primo ad aggiungerne!!

MARC

LEADER 00000nbm a2200000 4500
001 0216605
005 20161123152213.4
041 0 |a slo 
044 |a SK 
245 1 0 |a Reštrukturalizácia a regulácia bankového sektora v EÚ v postkrízovom období  |b diplomová práca  |c Tomáš Zvara ; školiteľ: Ľuboš Pavelka 
264 1 |a Bratislava  |c 2016 
300 |a 80 s. 
100 1 |a Zvara, Tomáš 
700 1 |a Pavelka, Ľuboš, 1962- 
710 2 |a Obchodná fakulta EU. Katedra medzinárodného obchodu